[Event "NOR-chT Codanserien 2017-18"]
[Site "Oslo"]
[Date "2018.01.13"]
[Round "5"]
[White "Diesen, Bruce"]
[Black "Elseth, Roar"]
[Result "0-1"]
[WhiteElo "2170"]
[BlackElo "2325"]
[Annotator "NA"]
[PlyCount "66"]
[EventDate "2018.??.??"]
[EventType "team-tourn"]
[EventCountry "NOR"]
[SourceTitle "playchess.com"]
[Source "ChessBase"]
[SourceQuality "1"]
[TimeControl "40/5400+30:1800+30"]

1. e4 e5 2. Nf3 Nc6 3. Bb5 a6 4. Ba4 Nf6 5. O-O Be7 6. Re1 b5 7. Bb3 d6 8. c3 O-O 9. h3 Nb8 10. d4 Nbd7 11. Nbd2 Bb7 12. a4 c5 13. Bc2 Re8 14. Qe2 Qb6 15. d5 c4 16. Nf1 Bf8 17. Bg5 h6 18. Be3 Nc5 19. Ng3 Qc7 20. Nh4 g6 21. Qd2 Kh7 22. f4 exf4 23. Bxf4 bxa4 24. Nhf5 gxf5 25. Nxf5 Ncxe4 26. Nxh6 Qc5+ 27. Kh2 Qxd5 28. Qe3 Bxh6 29. Bxh6 Qh5 30. Qb6 Kxh6 31. Qxb7 Ng4+ 32. Kh1 Ng3+ 33. Kg1 Qc5+ 0-1

[Event "NOR-chT Codanserien 2017-18"]
[Site "Oslo"]
[Date "2018.01.13"]
[Round "5"]
[White "Thanke, Bror"]
[Black "Guttulsrud, Odd Martin"]
[Result "1-0"]
[WhiteElo "2154"]
[BlackElo "2268"]
[Annotator "NA"]
[PlyCount "125"]
[EventDate "2018.??.??"]
[EventType "team-tourn"]
[EventCountry "NOR"]
[SourceTitle "playchess.com"]
[Source "ChessBase"]
[SourceQuality "1"]
[TimeControl "40/5400+30:1800+30"]

1. Nf3 {[%emt 0:00:00]} Nf6 {[%emt 0:00:19]} 2. c4 {[%emt 0:00:07]} g6 {[%emt 0:00:08]} 3. Nc3 {[%emt 0:00:12]} Bg7 {[%emt 0:00:26]} 4. d4 {[%emt 0:03:03]} d6 {[%emt 0:00:11]} 5. e4 {[%emt 0:00:28]} O-O {[%emt 0:00:24]} 6. h3 {[%emt 0:00:50]} c5 {[%emt 0:01:26]} 7. Be2 {[%emt 0:01:11]} cxd4 {[%emt 0:01:47]} 8. Nxd4 {[%emt 0:00:08]} Nc6 {[%emt 0:00:02]} 9. Be3 {[%emt 0:01:16]} a6 {[%emt 0:01:19]} 10. O-O {[%emt 0:01:25]} Bd7 {[%emt 0:00:07]} 11. Rc1 {[%emt 0:04:54]} Rb8 {[%emt 0:00:42]} 12. b3 {[%emt 0:04:14]} Qa5 {[%emt 0:08:11]} 13. Rc2 {[%emt 0:09:54]} b5 {[%emt 0:19:56]} 14. Nd5 {[%emt 0:24:04]} Nxd5 {[%emt 0:09:05]} 15. Nxc6 {[%emt 0:01:50]} Bxc6 {[%emt 0:18:32]} 16. cxd5 {[%emt 0:00:11]} Bd7 {[%emt 0:00:13]} 17. Bg4 {[%emt 0:01:25]} f5 {[%emt 0:09:12]} 18. Bf3 {[%emt 0:11:16]} Rbc8 {[%emt 0:02:39]} 19. Bg5 {[%emt 0:01:33]} Kf7 {[%emt 0:09:16]} 20. exf5 {[%emt 0:01:33]} Bxf5 {[%emt 0:00:54]} 21. Re2 {[%emt 0:03:49]} Rfe8 {[%emt 0:03:36]} 22. Rfe1 {[%emt 0:02:28]} Be5 {[%emt 0:01:45]} 23. Bg4 {[%emt 0:08:04]} Bxg4 {[%emt 0:01:18]} 24. hxg4 {[%emt 0:00:03]} Qc3 {[%emt 0:04:12]} 25. Re3 {[%emt 0:03:47]} Qc2 {[%emt 0:00:47]} 26. Qf3+ {[%emt 0:00:34]} Kg8 {[%emt 0:00:40]} 27. R3e2 {[%emt 0:02:24]} Qc3 {[%emt 0:01:48]} 28. Qe4 {[%emt 0:00:52]} Rc7 {[%emt 0:01:20]} 29. f4 {[%emt 0:07:00]} Bf6 {[%emt 0:00:50]} 30. Qe6+ {[%emt 0:00:37]} Kg7 {[%emt 0:00:27]} 31. Bxf6+ {[%emt 0:02:54]} Qxf6 {[%emt 0:00:07]} 32. Qe4 {[%emt 0:00:40]} Rf8 {[%emt 0:00:51]} 33. g3 {[%emt 0:00:55]} Rf7 {[%emt 0:01:08]} 34. g5 {[%emt 0:00:07]} Qc3 {[%emt 0:00:07]} 35. Re3 {[%emt 0:00:17]} Qb2 {[%emt 0:00:21]} 36. R3e2 {[%emt 0:00:17]} Qc3 {[%emt 0:00:06]} 37. Qe3 {[%emt 0:00:20]} Qb4 {[%emt 0:02:31]} 38. Qe4 {[%emt 0:00:21]} Qc3 {[%emt 0:00:17]} 39. Kg2 {[%emt 0:00:36]} Kf8 {[%emt 0:01:46]} 40. Re3 {[%emt 0:01:02]} Qb2+ {[%emt 0:30:21]} 41. R1e2 {[%emt 0:31:40]} Qa1 {[%emt 0:01:14]} 42. Rc2 {[%emt 0:00:00]} Rxc2+ {[%emt 0:00:00]} 43. Qxc2 {[%emt 0:00:00]} Qd4 {[%emt 0:00:00]} 44. Qd3 {[%emt 0:00:00]} Qc5 {[%emt 0:00:00]} 45. Qe4 {[%emt 0:00:00]} Kg7 {[%emt 0:00:00]} 46. Re2 {[%emt 0:00:00]} Qc3 {[%emt 0:00:00]} 47. Rc2 {[%emt 0:00:00]} Qa1 {[%emt 0:00:00]} 48. Qe3 {[%emt 0:00:00]} b4 {[%emt 0:00:00]} 49. Rd2 {[%emt 0:00:00]} a5 {[%emt 0:00:00]} 50. Qd4+ {[%emt 0:00:00]} Qxd4 {[%emt 0:00:00]} 51. Rxd4 {[%emt 0:00:00]} Rf8 {[%emt 0:00:00]} 52. Re4 {[%emt 0:00:00]} Kf7 {[%emt 0:00:00]} 53. Rc4 {[%emt 0:00:00]} Rb8 {[%emt 0:01:20]} 54. Kf3 {[%emt 0:00:00]} Rb7 {[%emt 0:02:05]} 55. Ke4 {[%emt 0:00:00]} e6 {[%emt 0:02:58]} 56. g4 {[%emt 0:00:00]} Ke7 {[%emt 0:00:17]} 57. Rc2 {[%emt 0:00:00]} Rb5 {[%emt 0:01:19]} 58. dxe6 {[%emt 0:00:34]} Kxe6 {[%emt 0:00:06]} 59. Rc7 {[%emt 0:00:54]} a4 {[%emt 0:00:58]} 60. Rxh7 {[%emt 0:01:41]} Rc5 {[%emt 0:00:29]} 61. f5+ {[%emt 0:00:48]} gxf5+ {[%emt 0:00:03]} 62. gxf5+ {[%emt 0:00:10]} Rxf5 {[%emt 0:00:17]} 63. Rh6+ {[%emt 0:00:04] Kd5+} 1-0

[Event "NOR-chT Codanserien 2017-18"]
[Site "Oslo"]
[Date "2018.01.13"]
[Round "5"]
[White "Flaata, Alexander R"]
[Black "Kyrkjebo, Erlend"]
[Result "1-0"]
[WhiteElo "2095"]
[BlackElo "2145"]
[Annotator "NA"]
[PlyCount "61"]
[EventDate "2018.??.??"]
[EventType "team-tourn"]
[EventCountry "NOR"]
[SourceTitle "playchess.com"]
[Source "ChessBase"]
[SourceQuality "1"]
[TimeControl "40/5400+30:1800+30"]

1. e4 {[%emt 0:00:00]} c5 {[%emt 0:00:05]} 2. Nc3 {[%emt 0:00:14]} a6 {[%emt 0:01:55]} 3. a4 {[%emt 0:02:14]} Nc6 {[%emt 0:00:50]} 4. f4 {[%emt 0:00:21]} e6 {[%emt 0:03:03]} 5. Bc4 {[%emt 0:02:56]} Nge7 {[%emt 0:03:50]} 6. Nf3 {[%emt 0:01:45]} d5 {[%emt 0:08:30]} 7. Ba2 {[%emt 0:01:01]} dxe4 {[%emt 0:12:44]} 8. Nxe4 {[%emt 0:03:31]} Nf5 {[%emt 0:04:16]} 9. O-O {[%emt 0:01:17]} h5 {[%emt 0:10:18]} 10. d3 {[%emt 0:02:48]} b6 {[%emt 0:05:25]} 11. c3 {[%emt 0:03:56]} Nce7 {[%emt 0:10:05]} 12. Neg5 {[%emt 0:10:25]} Nc6 {[%emt 0:07:25]} 13. Ne5 {[%emt 0:02:17]} Nxe5 {[%emt 0:03:39]} 14. fxe5 {[%emt 0:00:34]} Qc7 {[%emt 0:01:15]} 15. Rxf5 {[%emt 0:05:17]} exf5 {[%emt 0:00:14]} 16. Bxf7+ {[%emt 0:01:52]} Ke7 {[%emt 0:02:10]} 17. Qf3 {[%emt 0:14:48]} Ra7 {[%emt 0:04:00]} 18. d4 {[%emt 0:01:26]} cxd4 {[%emt 0:08:03]} 19. cxd4 {[%emt 0:00:28]} Qd7 {[%emt 0:00:57]} 20. d5 {[%emt 0:05:39]} Bb7 {[%emt 0:04:53]} 21. Be3 {[%emt 0:00:56]} Rh6 {[%emt 0:02:02]} 22. Rc1 {[%emt 0:02:51]} Kd8 {[%emt 0:00:50]} 23. e6 {[%emt 0:02:55]} Qd6 {[%emt 0:02:24]} 24. Bf4 {[%emt 0:03:21]} Qb4 {[%emt 0:00:48]} 25. Bc7+ {[%emt 0:01:47]} Ke7 {[%emt 0:00:11]} 26. d6+ {[%emt 0:00:13]} Kf6 {[%emt 0:00:07]} 27. Bd8+ {[%emt 0:08:57]} Ke5 {[%emt 0:00:08]} 28. Qe3+ {[%emt 0:03:58]} Be4 {[%emt 0:02:44]} 29. Nf3+ {[%emt 0:01:38]} Kxd6 {[%emt 0:00:14]} 30. Qf4+ {[%emt 0:00:19]} Kd5 {[%emt 0:00:14]} 31. Qe5# {[%emt 0:00:10]} 1-0

[Event "NOR-chT Codanserien 2017-18"]
[Site "Oslo"]
[Date "2018.01.13"]
[Round "5"]
[White "Mikalsen, Harald"]
[Black "Hagesather, Paal Vegard"]
[Result "0-1"]
[WhiteElo "2036"]
[BlackElo "2260"]
[Annotator "NA"]
[PlyCount "98"]
[EventDate "2018.??.??"]
[EventType "team-tourn"]
[EventCountry "NOR"]
[SourceTitle "playchess.com"]
[Source "ChessBase"]
[SourceQuality "1"]
[TimeControl "40/5400+30:1800+30"]

1. d4 {[%emt 0:00:00]} Nf6 {[%emt 0:00:11]} 2. c4 {[%emt 0:00:00]} Nc6 {[%emt 0:00:11]} 3. Nf3 {[%emt 0:01:34]} e6 {[%emt 0:00:08]} 4. Nc3 {[%emt 0:07:24]} Bb4 {[%emt 0:00:08]} 5. a3 {[%emt 0:00:48]} Bxc3+ {[%emt 0:00:08]} 6. bxc3 {[%emt 0:00:06]} d6 {[%emt 0:01:42]} 7. Bg5 {[%emt 0:07:52]} h6 {[%emt 0:00:46]} 8. Bh4 {[%emt 0:02:31]} g5 {[%emt 0:12:23]} 9. Bg3 {[%emt 0:00:12]} Ne4 {[%emt 0:00:47]} 10. Qc2 {[%emt 0:00:56]} f5 {[%emt 0:02:03]} 11. e3 {[%emt 0:05:27]} h5 {[%emt 0:13:20]} 12. h4 {[%emt 0:09:15]} g4 {[%emt 0:02:58]} 13. Ng1 {[%emt 0:06:42]} Nxg3 {[%emt 0:00:50]} 14. fxg3 {[%emt 0:00:07]} Qf6 {[%emt 0:01:49]} 15. Bd3 {[%emt 0:05:41]} b6 {[%emt 0:02:48]} 16. Ne2 {[%emt 0:01:07]} Qh6 {[%emt 0:19:24]} 17. Nf4 {[%emt 0:10:05]} Ne7 {[%emt 0:02:12]} 18. O-O {[%emt 0:08:25]} O-O {[%emt 0:09:51]} 19. Rae1 {[%emt 0:06:45]} c5 {[%emt 0:02:12]} 20. e4 {[%emt 0:01:58]} e5 {[%emt 0:05:47]} 21. dxe5 {[%emt 0:01:03]} dxe5 {[%emt 0:00:23]} 22. Nd5 {[%emt 0:01:30]} Nxd5 {[%emt 0:00:53]} 23. cxd5 {[%emt 0:02:49]} f4 {[%emt 0:00:53]} 24. Qd2 {[%emt 0:01:24]} Qf6 {[%emt 0:04:07]} 25. Bc4 {[%emt 0:04:19]} Kg7 {[%emt 0:01:21]} 26. Rf2 {[%emt 0:01:50]} Bd7 {[%emt 0:00:42]} 27. Ref1 {[%emt 0:00:11]} b5 {[%emt 0:01:48]} 28. Ba2 {[%emt 0:01:04]} c4 {[%emt 0:00:42]} 29. Bb1 {[%emt 0:00:50]} Rae8 {[%emt 0:01:58]} 30. Qe2 {[%emt 0:06:33]} Qb6 {[%emt 0:00:56]} 31. Kh2 {[%emt 0:01:05]} Qd6 {[%emt 0:04:03]} 32. Qd2 {[%emt 0:01:50]} Qe7 {[%emt 0:01:34]} 33. Qe2 {[%emt 0:02:07]} Rf7 {[%emt 0:01:46]} 34. Qc2 {[%emt 0:00:41]} Ref8 {[%emt 0:00:21]} 35. Qd2 {[%emt 0:00:25]} Kg8 {[%emt 0:03:17]} 36. Qc2 {[%emt 0:00:55]} Qxa3 {[%emt 0:00:52]} 37. gxf4 {[%emt 0:00:49]} b4 {[%emt 0:01:19]} 38. f5 {[%emt 0:01:03]} b3 {[%emt 0:00:48]} 39. Qd2 {[%emt 0:00:09]} Qe7 {[%emt 0:00:29]} 40. f6 {[%emt 0:00:29]} Qd6 {[%emt 0:31:19]} 41. Qh6 {[%emt 0:08:20]} a5 {[%emt 0:00:00]} 42. Qg6+ {[%emt 0:05:46]} Kh8 {[%emt 0:00:00]} 43. Rf5 {[%emt 0:00:13]} Bxf5 {[%emt 0:00:00]} 44. Rxf5 {[%emt 0:00:09]} Rh7 {[%emt 0:00:00]} 45. Rxh5 {[%emt 0:05:54]} Qd7 {[%emt 0:00:00]} 46. Rg5 {[%emt 0:11:57]} a4 {[%emt 0:00:00]} 47. Rxg4 {[%emt 0:02:33]} Qf7 {[%emt 0:00:00]} 48. Rg3 {[%emt 0:00:34]} Rxh4+ {[%emt 0:00:00]} 49. Kg1 {[%emt 0:00:22]} Qxf6 {[%emt 0:00:00]} 0-1